| LEADER |
00734nam0a2200217 450 |
| 001 |
16827912 |
| 010 |
|
|
|a 978-2-505-06611-8
|b rel.
|d 9,99
|
| 100 |
|
|
|a 20170308d2026 u u0frey01 ba
|
| 101 |
0 |
|
|a fre
|
| 102 |
|
|
|a BE
|
| 200 |
0 |
|
|a rêve pour trois (Un)
|f Jérôme Hamon, Lena Sayaphoum
|
| 207 |
|
1 |
|a
|
| 210 |
|
|
|a [Bruxelles]
|c Dargaud Bénélux
|d DL 2017
|
| 215 |
|
|
|a 1 vol. (48 p.)
|c ill. en coul.
|d 30 cm
|
| 225 |
1 |
|
|a Emma et Capucine
|v 1
|
| 461 |
|
0 |
|t Emma et Capucine
|v 1
|
| 700 |
|
0 |
|a Hamon
|b Jérôme
|f 1977-....
|4 70
|
| 701 |
|
0 |
|a Sayaphoum
|b Lena
|f 1989-....
|4 70
|
| 900 |
|
|
|a Bande Dessinée enfant ado
|
| 901 |
|
|
|a Accessible au prêt
|
| 995 |
|
|
|a Bibliothèque
|c Bibliothèque
|f 024018059
|h 024018059
|k BD HAM
|o p
|q j
|r az
|e Bibliothèque
|